Cultural encounters in India: (Record no. 179411)

MARC details
000 -LEADER
fixed length control field 00802nam a22002177a 4500
005 - DATE AND TIME OF LATEST TRANSACTION
control field 20210610155630.0
010 ## - LCCN (DPL NO)
LC control number B-740213
020 ## - INTERNATIONAL STANDARD BOOK NUMBER
International Standard Book Number 9788187358725
Terms of availability 750.00
035 ## - SYSTEM CONTROL NUMBER
System control number B-740213
037 ## - SOURCE OF ACQUISITION
Source of stock number/acquisition Gift
082 ## - DEWEY DECIMAL CLASSIFICATION NUMBER
Classification number 954.08
100 ## - MAIN ENTRY--PERSONAL NAME
Personal name Liebau, Heike
245 00 - TITLE STATEMENT
Title Cultural encounters in India:
Remainder of title the local co-workers of the Tranquebar mission, 18th to 19th centuries /
Statement of responsibility, etc by Heike Liebau ; translated from the German by Rekha V. Rajan
260 ## - PUBLICATION, DISTRIBUTION, ETC. (IMPRINT)
Place of publication, distribution, etc New Delhi
Name of publisher, distributor, etc Social Science Press
Date of publication, distribution, etc 2013
270 ## - ADDRESS
Address 69, Jor Bagh
City New Delhi
Postal code 110003
300 ## - PHYSICAL DESCRIPTION
Extent viii, 558p.
Dimensions 22cm(Hb)
500 ## - GENERAL NOTE
General note Includes bibliographical references and index
700 ## - ADDED ENTRY--PERSONAL NAME
Personal name Rajan, Rekha V.
942 ## - ADDED ENTRY ELEMENTS (KOHA)
Source of classification or shelving scheme Dewey Decimal Classification
Item type English Books
Call number suffix LIE
Classification part 954.08
Holdings
Withdrawn status Lost status Not for loan Collection code Home library Current library Date acquired Source of acquisition Full call number Barcode Copy number Koha item type Public note
      Non-fiction Kadipur Kadipur 10/06/2021 Gift/Eng/02-06-2021 954.08 LIE B-740213 1 English Books Gift

© Delhi Public Library
Hit Counter
free hit counter